000 00540nam a2200193Ia 4500
003 OSt
005 20221007082710.0
006 a|||||r|||| 00| 0
007 ta
008 221006b |||||||| |||| 00| 0 eng d
024 _a23,448
037 _cDissertations
040 _aFLL
_cFLL
_beng
041 _2eng
_aeng
100 _aSingh Punita
_9699279
245 0 _aRole of the international court of justice in settlement of disputes involving the use of force.
942 _cDIS
_2CC
999 _c1167425
_d1167425